000 00549nam a22001697a 4500
003 OSt
005 20260202021404.0
008 260202b |||||||| |||| 00| 0 eng d
040 _aDWCL GS library
_cOC
082 _aFic. C6a 1988
100 _aCompton, Sarah
245 _aamazon
_b: where do fish swim through the treetops?
_cSarah Compton
260 _aplace of publication not identified
_cc1988
300 _a101
_billustrations
_c20cm
700 _aSarah Compton
942 _2ddc
_cFIC.
_hFic. C6a 1988
_n0
999 _c8095
_d8095